Patterns of culture.
Na minha lista:
| Autor principal: | |
|---|---|
| Formato: | Livro |
| Idioma: | inglês |
| Publicado em: |
Boston, USA
Houghton Mifflin
1959
|
| Assuntos: | |
| Tags: |
Adicionar Tag
Sem tags, seja o primeiro a adicionar uma tag!
|
MARC
| LEADER | 00000nam a2200000 a 4500 | ||
|---|---|---|---|
| 001 | UCZ5695 | ||
| 003 | CL-VaPUC | ||
| 005 | 20240125113205.0 | ||
| 008 | 951124e19590000US |||||||||||||||||eng|d | ||
| 999 | |c 241985 |d 241983 | ||
| 040 | |c Pontificia Universidad Católica de Valparaíso | ||
| 082 | 0 | 4 | |a 306.089 BEN 1959 |2 21 |
| 100 | 0 | |a Benedict, Ruth |9 349851 | |
| 245 | 1 | 0 | |a Patterns of culture. |
| 260 | 0 | 3 | |a Boston, USA |b Houghton Mifflin |c 1959 |
| 300 | |a 290 páginas. | ||
| 583 | |a last modification |c 19951124 00:00:00 |k Rodrigo Vera | ||
| 650 | 0 | |a Antropología cultural y social |9 265143 | |
| 650 | 0 | |a Cultura |9 269059 | |
| 650 | 7 | |a INDIOS |2 CL-VaPUC |9 258588 | |
| 650 | 0 | |a Aborígenes |9 329972 | |
| 942 | |c BK |2 ddc | ||
| 945 | |d 19951124 00:00:00 |a cmena | ||
| 952 | |0 0 |1 0 |2 ddc |4 0 |6 306_089000000000000_BEN_1959 |7 0 |8 P |9 254639 |a BIBEDU |b BIBEDU |c BIBEDU_PB |d 2019-11-19 |i 1576127 |o 306.089 BEN 1959 |p 1576127 |r 2024-01-25 |t 1 |w 2019-11-19 |y BK |k FIL | ||
| 952 | |0 0 |1 0 |2 ddc |4 0 |6 306_089000000000000_BEN_1959 |7 0 |8 A |9 254640 |a BIBGIM |b BIBGIM |d 2019-11-19 |i 1983172 |o 306.089 BEN 1959 |p 1983172 |r 2025-01-15 |t 2 |w 2019-11-19 |y BK |k ORI | ||